[Event "Puget Sound League"]
[Site "?"]
[Date "1968.??.??"]
[Round "?"]
[White "Bailey, B."]
[Black "Sonier, E."]
[Result "1-0"]
[WhiteElo "100"]
[BlackElo "1605"]
[Annotator "Stockfish 14 (15s)"]
[PlyCount "129"]
[EventDate "1968.??.??"]

{B40: Sicilian: 2...e6, Unusual lines} 1. e4 c5 2. Nf3 e6 3. Nc3 a6 4. a4 b6 5.
d4 cxd4 6. Nxd4 Qc7 7. g3 Bb7 8. Bg2 Nf6 9. O-O d6 10. Re1 Nbd7 11. Bg5 Be7
$146 (11... h6 12. Bxf6 Nxf6 13. Qe2 Be7 14. e5 dxe5 15. Bxb7 Qxb7 16. Qxe5 O-O
17. Nf5 Rfd8 18. Nxe7+ Qxe7 19. Ne4 Nxe4 20. Qxe4 Rac8 21. Red1 Qc5 22. Rac1
Qh5 23. Rd3 Rxd3 24. Qxd3 Qa5 25. Qd7 Qc5 26. c3 {
Jordan,J (1937)-Bayer,E (2226) Bergheim 2003 1/2-1/2}) 12. Qe2 (12. Nd5 exd5
13. exd5 Kf8 $11) 12... O-O 13. Rad1 Rac8 14. f4 {White plans e5} Rfe8 (14...
h6 $142 $5 15. Bh4 Rfd8 $11) 15. e5 $14 Nd5 $4 (15... dxe5 $142 16. fxe5 Nd5
17. Nxd5 Bxd5 18. Bxe7 Rxe7 19. Qxa6 Ra8 $11 (19... Nxe5 $4 20. Rxe5 Rd8 21.
Qe2 $18)) 16. Nxd5 (16. Bxe7 $142 Rxe7 17. Bxd5 Bxd5 18. Nxd5 exd5 $18) 16...
exd5 (16... Bxd5 17. Bxe7 Rxe7 18. Bxd5 exd5 $18) 17. exd6 (17. Bxe7 $142 Rxe7
18. Nf5 $18) 17... Bxd6 $11 18. Qd2 $4 (18. Qxe8+ Rxe8 19. Rxe8+ Nf8 $11) 18...
Bc5 $4 (18... h6 $142 19. Bh4 Nc5 $19) 19. c3 $11 b5 20. axb5 axb5 21. Kh1 (21.
Bh4 Bb6 22. Rxe8+ Rxe8 $11) 21... Nb6 22. Nxb5 {
Exerts pressure on the isolated pawn} (22. b3 $5 $15) 22... Qd7 $17 23. Nd4 Nc4
24. Qf2 Nd6 (24... h6 $142 25. Bh4 Nd6 $17) 25. Qf1 $4 (25. f5 Rxe1+ 26. Rxe1
Ne4 27. Bxe4 dxe4 $11) 25... Ra8 $4 (25... Bxd4 26. cxd4 Ne4 27. Bh3 $19) 26.
Re2 $4 (26. Rxe8+ Rxe8 27. f5 h6 $15) 26... Ba6 $4 (26... Rxe2 $142 27. Qxe2
Ne4 $19) 27. Rxe8+ $15 Qxe8 28. Qe1 Ne4 29. Bxe4 $4 (29. h3 $142 $17) 29...
dxe4 $19 (29... Qxe4+ $6 30. Qxe4 dxe4 31. f5 $11) 30. f5 Bb7 (30... e3 $142
31. Qxe3 Bb7+ 32. Kg1 Qa4 $19) 31. Be3 $11 Qc8 32. Qd2 Bxd4 (32... h5 $142 $5
33. Kg1 Bxd4 34. Qxd4 Qxf5 $11) 33. Qxd4 $16 h6 34. g4 Bc6 (34... Ba6 35. Rd2
$11) 35. c4 Qb7 $2 (35... Ba4 36. Rd2 Rb8 37. c5 $14) 36. Qc3 (36. Rd2 $5 $16)
36... Rc8 (36... Rb8 37. Rd2 $14) 37. b3 (37. Kg2 Rb8 $14) 37... Qe7 $14 38.
Qe1 (38. f6 Qe6 39. h3 h5 $14) 38... Qa3 39. b4 Qb3 (39... Be8 40. f6 Qb3 41.
Rd4 gxf6 42. b5 Rxc4 43. Rd8 $14) 40. c5 (40. b5 $142 $5 Be8 41. Rb1 $16) 40...
Ba4 41. Rb1 Qc4 42. Qd2 Bc6 43. Kg1 Ra8 44. Rc1 Qb5 (44... Qb3 45. Qc3 Qa2 46.
Qc2 $11) 45. h4 {White intends g5} (45. f6 $142 $5 g6 46. Bxh6 $14) 45... Ra3
$11 46. g5 Rd3 47. Qe1 hxg5 48. hxg5 Rd5 49. f6 Qd3 50. Ra1 Qb3 51. Rb1 Qd3 52.
Ra1 Rd8 (52... g6 53. Qg3 $11) 53. Ra2 (53. fxg7 $5 Qb3 54. Rb1 $14) 53... Qb3
$11 54. Rd2 Rd3 55. Rxd3 exd3 56. fxg7 Qd5 57. Qg3 $4 (57. Qd2 Qh1+ 58. Kf2
Qh2+ 59. Ke1 Qh1+ 60. Kf2 Qh4+ 61. Kf1 Bd5 $11) 57... Kxg7 (57... d2 $142 58.
Bxd2 Qxd2 59. Qb8+ Kxg7 60. Qe5+ Kg8 $19) 58. Bd2 $11 Qd4+ 59. Kf1 Qa1+ 60. Qe1
Qxe1+ 61. Kxe1 Kg6 62. Kf2 Kf5 63. Ke3 Ke5 (63... Bb5 64. Kd4 Ke6 65. Be3 $11)
64. Kxd3 $14 Ke6 $4 (64... Bb5+ $142 65. Ke3 Ba4 $14) 65. Kc4 $18 (65. Kc4 Bf3
66. b5 Be2+ 67. Kb4 $18) 1-0

[Event "Puget Sound League"]
[Site "?"]
[Date "1969.01.30"]
[Round "1"]
[White "Mar, S."]
[Black "Bailey, B."]
[Result "1-0"]
[WhiteElo "1811"]
[BlackElo "100"]
[Annotator "Stockfish 12 (15s)"]
[PlyCount "115"]
[EventDate "1969.??.??"]

{D02: 1 d4 d5 2 Nf3 sidelines, including 2...Nf6 3 g3 and 2...Nf6 3 Bf4} 1. Nf3
d5 2. g3 Nc6 3. d4 Bf5 4. Bg2 e6 5. O-O Bd6 (5... Nb4 6. Ne1 Nf6 7. c3 Na6 8.
Bg5 Be7 9. Nd2 c6 10. Nd3 O-O 11. a4 h6 12. Bxf6 Bxf6 13. b4 Nc7 14. Qb3 Ne8
15. Rfd1 Nd6 16. a5 Qe7 17. Ne5 a6 18. c4 Rad8 19. e3 Bh7 20. Ng4 {
Kirov,N (2460)-Komarov,D (2575) Cordoba 1995 1/2-1/2}) 6. b3 (6. a3 Nge7 7.
Nbd2 O-O 8. c4 Nc8 9. e3 b6 10. Nh4 N8e7 11. cxd5 exd5 12. Nxf5 Nxf5 13. Qb3
Nce7 14. Bxd5 Nxd5 15. Qxd5 Ne7 16. Qh5 a5 17. e4 g6 18. Qh3 c5 19. Rd1 cxd4
20. Nf3 Bc5 {Paganoglou,A (1740)-Xanthopoulou,D Panellhnia 2005 1-0 (37)}) 6...
Nge7 7. c4 $146 (7. Bb2 Ng6 8. c4 h5 9. h4 Qd7 10. Nc3 Be7 11. Re1 O-O-O 12. c5
e5 13. Nxe5 Ngxe5 14. dxe5 Nb4 15. Rc1 c6 16. a3 Na6 17. b4 g5 18. hxg5 Bxg5
19. f4 Bxf4 20. gxf4 Rhg8 21. e4 Bg4 {
Bailo Remacha,S (2120)-Martin Barbero,R Aragon 1998 1-0 (34)}) 7... Ng6 8. e3 (
8. Bb2 O-O $16) 8... Qd7 (8... Nb4 9. Ne1 Be4 10. a3 Bxg2 11. Nxg2 $16) 9. Bb2
h5 10. h4 O-O-O (10... Rd8 11. a3 $16) 11. Nbd2 (11. a3 dxc4 12. Nbd2 e5 13.
Nxc4 e4 $18) 11... f6 $2 (11... Nb4 $142 $5 12. Ne1 Kb8 $16) 12. Re1 $18 Be4 (
12... Bb4 13. a3 Bxd2 14. Nxd2 $18 (14. Qxd2 $6 Be4 $14)) 13. Nxe4 (13. a3 $142
$5 Rdg8 14. b4 $18) 13... dxe4 14. Nd2 f5 15. a3 Nf8 $2 (15... Be7 $142 16. Re2
Rhg8 $16) 16. b4 {White prepares the advance c5} a6 (16... g5 17. d5 Ne5 18. c5
gxh4 19. cxd6 cxd6 20. f4 exf3 21. Nxf3 Nxf3+ 22. Qxf3 $18 (22. Bxf3 $6 e5 23.
gxh4 Ng6 $11)) 17. Qb3 Rg8 18. Bh3 (18. b5 axb5 19. a4 b4 $18) 18... Nh7 $4 (
18... g5 19. d5 Ne7 20. c5 Bxg3 21. d6 (21. fxg3 Nxd5 22. hxg5 Rxg5 $11) 21...
gxh4 22. fxg3 Rxg3+ 23. Kh2 $16) 19. c5 (19. Nxe4 fxe4 20. d5 Kb8 21. Bxe6 Qe8
22. Bxg8 Qxg8 23. dxc6 g5 $18) 19... Be7 $4 (19... Bxg3 20. b5 axb5 $11) 20.
Nxe4 $1 g5 (20... fxe4 21. Bxe6 {Combination}) 21. hxg5 Nxg5 (21... Rg6 22. Nd2
Nxg5 $18) 22. Nxg5 Rxg5 23. Kf1 (23. a4 Qd5 24. Qxd5 exd5 $18) 23... Rg6 $4 (
23... h4 $142 24. gxh4 Rgg8 $16) 24. Rad1 $18 Na7 (24... h4 25. d5 $1 hxg3 26.
dxc6 Qxc6 27. Rxd8+ Bxd8 28. Bg2 gxf2 29. Bxc6 $18) 25. Bg2 (25. e4 $142 Rf8
26. d5 $18) 25... h4 26. gxh4 Bxh4 27. a4 (27. d5 $142 Qe8 28. d6 cxd6 29. cxd6
$18) 27... Qh7 $19 28. Rd2 Qg8 29. Bh3 Rg1+ 30. Ke2 Rxe1+ $4 (30... Bxf2 31.
Rxg1 Qxg1 (31... Bxg1 $6 32. d5 Rxd5 33. Rxd5 exd5 34. Be5 $11) 32. Qxe6+ Kb8
$17) 31. Kxe1 $16 Qg1+ 32. Bf1 {White prepares b5} Re8 $4 (32... Qg6 $142 33.
b5 axb5 34. axb5 f4 35. exf4 Qe4+ 36. Kd1 Kb8 $16) 33. b5 axb5 (33... Qh1 34.
bxa6 bxa6 35. Qc4 $18) 34. axb5 Kb8 (34... Qh1 35. Bc1 c6 36. Ra2 Nxb5 37. Ra8+
Kd7 38. Rxe8 Nxd4 39. exd4 Qe4+ 40. Kd1 Kxe8 41. Bd3 $18) 35. b6 (35. Bc1 $142
Rc8 36. Ra2 Rh8 $18) 35... Nc6 36. bxc7+ Kxc7 37. Bc3 Qg5 (37... Kc8 38. Rb2
Re7 $18) 38. Ba1 (38. Ba6 $142 $1 Qg1+ 39. Ke2 bxa6 40. Qb6+ Kd7 41. Qb7+ Kd8
$18) 38... Ra8 $4 (38... Kb8 $142 $11) 39. Bb2 $18 Qh6 (39... Qg8 40. Qc4 Bg5
$18) 40. Ba3 (40. Bg2 $142 Na5 41. Qb6+ Kc8 $18) 40... e5 $4 (40... f4 $142 41.
exf4 Qg6 $11 (41... Qxf4 42. Bg2 Na5 43. Qb4 $14)) 41. d5 $18 Na5 42. d6+ (42.
Qc3 $142 Kc8 43. Qxe5 $18) 42... Kc8 (42... Kb8 43. Qc3 Bd8 $18) 43. d7+ (43.
Qg8+ $142 Bd8 44. Bb2 Qf6 45. d7+ Kc7 $18) 43... Kc7 44. Qc3 Nc6 45. Rd6 (45.
Bb5 $5 Nd4 46. exd4 Bg5 $18) 45... Qg5 (45... Qh5 46. Bg2 e4 47. Qb3 $18) 46.
Qb3 Nd8 (46... Rxa3 47. Qxa3 Qg4 $18) 47. Bb2 (47. Qb6+ Kb8 48. c6 Bxf2+ 49.
Kd1 Qg4+ 50. Kc2 Qa4+ 51. Kb1 Qb3+ 52. Qxb3 Bxe3 53. Qxe3 Rxa3 54. c7+ Kxc7 55.
Qb6+ Kb8 56. Qxd8+ Ka7 57. Qb6+ Kb8 58. d8=Q#) 47... Nf7 48. Rd5 (48. Qb6+ Kb8
49. c6 Qxe3+ 50. Qxe3 Kc7 51. cxb7 Ra1+ 52. Bxa1 Nxd6 53. b8=Q+ Kxb8 54. Qb6+
Ka8 55. Qxd6 Bxf2+ 56. Kxf2 e4 57. d8=Q+ Ka7 58. Qa6#) 48... f4 (48... Qg6 49.
Rxe5 Rd8 $18) 49. Qb6+ Kb8 50. c6 Bxf2+ 51. Kxf2 (51. Kd1 Ra1+ 52. Bxa1 Qg4+
53. Kc2 Qg6+ 54. Kb3 Qb1+ 55. Bb2 Qc2+ 56. Kxc2 Nd6 57. c7+ Ka8 58. Ra5#) 51...
Qg3+ 52. Ke2 Qg4+ (52... Qxe3+ 53. Qxe3 fxe3 54. Bxe5+ Ka7 55. c7 Nxe5 56. Ra5+
Kb6 57. d8=Q Kxa5 58. c8=Q+ Ka4 59. Qd4+ Ka3 60. Qxa8+ Kb3 61. Qaa4#) 53. Kd2
fxe3+ 54. Qxe3 (54. Kc1 Ra1+ 55. Bxa1 Qd1+ 56. Rxd1 Nd6 57. c7+ Ka8 58. Qa5#)
54... Qb4+ $18 55. Qc3 Qf4+ (55... Qxc3+ 56. Bxc3 Kc7 57. cxb7 Kxb7 58. d8=N+
Nxd8 $18) 56. Kc2 Qe4+ 57. Bd3 Qa4+ 58. Kb1 (58. Kb1 Kc7 59. cxb7+ Kxb7 60. Rc5
Qd1+ 61. Bc1 Ra1+ 62. Kxa1 Qa4+ 63. Kb1 Qxd7 64. Qb2+ Qb5 65. Qxb5+ Ka8 66.
Be4+ Ka7 67. Rc7#) 1-0

[Event "Puget Sound League"]
[Site "?"]
[Date "1969.01.30"]
[Round "2"]
[White "Bailey, B."]
[Black "Mar, S."]
[Result "1-0"]
[WhiteElo "100"]
[BlackElo "1811"]
[Annotator "Stockfish 12 (15s)"]
[PlyCount "69"]
[EventDate "1969.??.??"]

{B17: Caro-Kann: Modern Line (4...Nd7)} 1. e4 c6 2. d4 d5 3. Nc3 dxe4 4. Nxe4
Nd7 5. Nf3 Ngf6 6. Nc3 e6 7. Bg5 Qc7 $146 (7... Be7 8. Bc4 (8. Bd3 O-O 9. O-O
h6 10. Bh4 c5 11. Re1 cxd4 12. Nxd4 Nc5 13. Qf3 Qxd4 14. Bg3 Nxd3 15. cxd3 Nd5
16. Rac1 Nxc3 17. Rxc3 Qd5 18. Qg4 e5 19. Bxe5 Bxg4 20. Rc7 Bb4 21. Bc3 Bxc3
22. bxc3 Qxd3 {Nguyen Thuy Anh-Ton Nu Hong,A Ha Tinh 2000 0-1}) 8... O-O 9. O-O
h6 10. Bh4 c5 11. dxc5 Nxc5 12. Re1 b6 13. b4 Ncd7 14. a4 Bxb4 15. Re3 Qc7 16.
Qd3 Bb7 17. Rb1 a5 18. Nb5 Qc5 19. Bxf6 Nxf6 20. Re5 Qc6 21. c3 Be7 22. Rd1 {
Paluba,M-Bryla,L Kolobrzeg 2001 0-1 (31)}) (7... Be7 8. Bd3 $11) 8. Qd2 (8. Bd3
b5 $14) 8... h6 9. Be3 (9. Bh4 Bd6 $11) 9... Bb4 (9... Bd6 10. Bd3 $15) 10. Bd3
$11 Nd5 11. a3 (11. O-O Nxe3 12. fxe3 Be7 $11) 11... Qa5 12. O-O Bxc3 13. bxc3
Qxc3 14. Qe2 Nxe3 15. fxe3 (15. Qxe3 Qa5 $11) 15... O-O (15... c5 16. Rae1 $11)
16. Nd2 (16. g4 f5 $11) 16... f5 (16... c5 17. Ne4 Qa5 18. Qh5 $11) 17. Nb3 (
17. Bc4 Nb6 18. Qd3 Qxd3 19. cxd3 Bd7 $11) 17... b6 18. Bc4 $2 (18. a4 $142 $5
$15) 18... Nf6 $19 19. Rf3 (19. a4 Nd5 20. Rf3 Qb4 $19) 19... Ne4 20. Raf1 (20.
Rff1 $19) 20... Kh8 (20... Nd6 $142 21. Bd3 c5 22. dxc5 bxc5 $19) 21. Bd3 $15
Ng5 22. Rg3 Nh7 (22... e5 $142 23. h4 Nh7 $11) 23. Qh5 $4 (23. e4 $142 f4 24.
Rg6 $11) 23... a5 $19 24. Qg6 $2 (24. Qe2 Nf6 25. e4 $19) 24... Ra7 25. a4 Rf6
(25... c5 $142 $5 26. Nc1 Nf6 27. Ne2 $19) 26. Qh5 Rf8 (26... Re7 $142 $19) 27.
e4 $2 (27. Nc1 $142 Nf6 28. Qf3 $19) 27... Ba6 $4 (27... Qb4 $142 28. Qg6 Qxa4
29. exf5 exf5 $19) 28. Bxa6 $18 Qxc2 29. Be2 (29. Qe2 Qxe4 30. Re3 Qd5 $18)
29... Qxe4 (29... Nf6 30. Qf3 fxe4 $18) 30. Qf3 Nf6 31. Qxe4 Nxe4 32. Re3 Re8
33. Bh5 Ree7 34. Bg6 Rad7 (34... Ra8 $18) 35. Rxe4 1-0

[Event "Boeing Experts"]
[Site "?"]
[Date "1969.10.14"]
[Round "1"]
[White "Bailey, B."]
[Black "Shannon, R."]
[Result "0-1"]
[WhiteElo "100"]
[BlackElo "1788"]
[Annotator "Stockfish 14 (15s)"]
[PlyCount "96"]
[EventDate "1969.??.??"]

{B60: Sicilian: Richter-Rauzer: Unusual Black 6th moves and 6...Bd7 without 7
Qd2} 1. e4 c5 2. Nf3 Nc6 3. d4 cxd4 4. Nxd4 d6 5. Nc3 Nf6 6. Bg5 Qb6 7. Nb3 Ng4
8. Bh4 (8. Qd2 g6 (8... f6 9. Bh4 Be6 10. Be2 Nge5 11. Nd5 Bxd5 12. exd5 Ng6
13. Bg3 Nce5 14. f4 Nd7 15. Bf2 Qc7 16. O-O-O Rc8 17. Bh5 Kd8 18. Nd4 b6 19.
Ne6+ {1-0 (19) Sarfati,J (1600)-Rogel,T (1410) France 2005}) 9. h3 Nce5 10. f4
Nd7 11. O-O-O Bg7 12. Kb1 Qb4 13. Nd5 Qxd2 14. Rxd2 Rb8 15. Bb5 f6 16. Bh4 Kf7
17. Nc7 Nb6 18. Bf2 Bd7 19. Bxb6 axb6 20. Nd5 Rhd8 21. Nxb6 Be8 22. Bc4+ Kf8 {
Aleksic,N (2405)-Pieraccini,R Ischia 2000 1-0 (48)}) 8... g6 $146 (8... g5 9.
Bg3 Nf6 10. Qd2 h6 11. f3 Bg7 12. Bf2 Qd8 13. Be2 O-O 14. O-O-O a6 15. Be3 b5
16. h4 g4 17. Bxh6 Bh8 18. Bxf8 Kxf8 19. h5 Be6 20. h6 Bxb3 21. axb3 Qa5 22.
Nb1 Nb4 23. Na3 {Weissmann,J-Hennrich,R Mehlingen 2000 1-0 (40)}) 9. Nd5 Qd8
10. Be2 (10. f3 Nf6 11. Qd2 Bg7 12. Nxf6+ exf6 $18) 10... Nf6 11. Bxf6 exf6 12.
O-O Bg7 13. c3 f5 (13... O-O 14. Nd2 $14) 14. Qc2 (14. exf5 $5 Bxf5 15. Bg4
Bxg4 16. Qxg4 $14) 14... O-O $11 15. Ne3 fxe4 16. Qxe4 Re8 17. Qd3 Be6 18. Rad1
d5 (18... a5 19. Qb5 a4 $11) 19. Nc5 (19. Bf3 Ne5 20. Qe2 Nxf3+ 21. Qxf3 Qh4
$11) 19... Qe7 (19... d4 $5 20. Nxe6 Rxe6 $15) 20. Nxe6 $11 fxe6 21. Nc2 Rad8
22. Nd4 (22. g3 Kh8 $11) 22... e5 23. Nxc6 bxc6 24. Bg4 $2 (24. f3 $5 $11)
24... Rb8 (24... e4 25. Qa6 Qc7 26. g3 $17) 25. Rd2 (25. b4 e4 26. Qe3 Rb7 $17)
25... e4 26. Qe3 h5 (26... Bf6 27. f3 $17) 27. Bh3 (27. Bd1 Rf8 $17) 27... Kh7
(27... a5 28. f3 Kh7 29. f4 $17) 28. Re2 (28. f4 Rf8 $17) 28... Rf8 (28... c5
29. Rfe1 $17) 29. f3 Bh6 30. Qd4 e3 (30... Bg7 31. Qd1 $17) 31. g3 (31. f4 Bg7
32. Qd3 d4 33. cxd4 Qd6 $11) 31... Rfe8 (31... Bg7 32. Qd3 d4 33. cxd4 $17) 32.
Rfe1 (32. f4 Bg7 33. Qd3 d4 $11) 32... Bg7 33. Qd3 Qc5 34. Kh1 (34. f4 $5 $11)
34... d4 $15 35. c4 $2 (35. cxd4 $142 Bxd4 36. Bg2 $15) 35... Qd6 $4 (35... Qe7
36. Bg2 $19) 36. f4 $4 (36. Rxe3 Rxe3 37. Rxe3 dxe3 (37... Rxb2 $4 38. Re6 Qxe6
39. Bxe6 $18) 38. Qxd6 e2 $14) 36... c5 $4 (36... Qf6 $142 $19) 37. f5 $4 (37.
Rxe3 $142 Rxe3 38. Rxe3 dxe3 39. Qxd6 $11) 37... Rf8 (37... Qc6+ $142 38. Bg2
Qf6 $19) 38. Rxe3 $18 Rxb2 39. Re6 Qc7 (39... Qb8 40. Rxg6 Rf6 $18) 40. fxg6+ (
40. Rxg6 $142 Rf6 41. Qd1 Qc6+ 42. Kg1 Rxg6 43. fxg6+ Qxg6 44. Qf3 $18) 40...
Kh6 $14 41. Qd1 $4 (41. R6e2 $142 Rxe2 42. Qxe2 $14) 41... Qb7+ $19 42. Kg1 d3
43. Rd6 (43. Qxd3 Bd4+ 44. Qxd4 cxd4 45. g7+ Kxg7 46. Re7+ Qxe7 47. Rxe7+ Rf7
48. Re1 $19) 43... Rff2 44. Rd5 Rfe2 (44... Qxd5 $1 45. cxd5 Bd4 46. Re2 Rfxe2+
47. Kf1 Rf2+ 48. Ke1 Bc3+ 49. Qd2+ Rbxd2 50. a3 Rb2+ 51. Kd1 Rb1#) 45. Rxe2 $11
Rb1 46. Re1 Rxd1 (46... -- $140 47. Qxh5# {Mate threat}) 47. Rxd1 Bd4+ 48. Kf1
$4 (48. Kh1 $142 d2 49. Rf1 $11) 48... Qb2 (48... Qb2 49. Rxd4 Qe2+ 50. Kg1
Qxd1+ 51. Bf1 cxd4 52. g7 Kxg7 53. Kg2 Qd2+ 54. Kh3 Qe3 55. a3 d2 56. a4 d1=Q
57. Be2 Qexe2 58. c5 Qef1+ 59. Kh4 Qg4#) 0-1

[Event "Boeing Experts"]
[Site "?"]
[Date "1969.11.14"]
[Round "2"]
[White "LeCompte, G."]
[Black "Bailey, B."]
[Result "1-0"]
[WhiteElo "2015"]
[BlackElo "100"]
[Annotator "Stockfish 14 (15s)"]
[PlyCount "49"]
[EventDate "1969.??.??"]

{D61: Queen's Gambit Declined: Classical: 7 Qc2} 1. d4 d5 2. c4 e6 3. Nc3 Be7
4. Nf3 Nf6 5. Bg5 O-O 6. e3 c6 7. Bd3 Nbd7 8. cxd5 Nxd5 9. Bxe7 Qxe7 10. Nxd5 (
10. O-O Nxc3 11. bxc3 e5 12. Qc2 Kh8 13. Rab1 b6 14. Bf5 Bb7 15. Bxd7 Qxd7 16.
Nxe5 Qe7 17. Qe2 Rad8 18. Rbd1 Rd5 19. Rd2 Ra5 20. Rfd1 f6 21. Nd3 Re8 22. c4
Qf7 23. d5 cxd5 24. Nf4 Ra4 {
Schmid,S (2225)-Heimrath,R (2080) Postbauer 1997 1-0 (31)}) 10... exd5 11. O-O
Re8 $146 (11... Nf6 12. Qc2 Bg4 (12... Ne4 13. Rab1 a5 14. a3 a4 15. Rbc1 Re8
16. Bxe4 Qxe4 17. Qxe4 Rxe4 18. Rc3 Re7 19. Rfc1 Ra6 20. Ne5 Bf5 21. g4 Bc8 22.
h3 h5 23. f3 Kh7 24. Kf2 Ra8 25. Rg1 f6 26. Nd3 g5 27. Nc5 {
Przezdziecka,E-Wesolowska,M Krynica 2001 1-0 (37)}) 13. Ne5 h6 14. Nxg4 Nxg4
15. h3 Nf6 16. a3 a5 17. Qc3 a4 18. Rac1 g6 19. Qc5 Qxc5 20. Rxc5 Kg7 {
1/2-1/2 (20) Shianovsky,V-Nikolaevsky,Y Kiev 1963}) 12. Qc2 Nf8 13. Rab1 Bg4
14. Nd2 Qg5 15. g3 (15. f4 $5 Qf6 16. Rbe1 $11) 15... Re6 16. b4 Bh3 (16... Qh5
17. Rfe1 $11) 17. Rfc1 h5 (17... a6 18. a4 $11) 18. Nf3 (18. b5 cxb5 19. Rxb5
Rc6 $11) 18... Qe7 (18... Qf6 19. Ne5 a6 20. a4 $11) 19. Bf5 (19. b5 cxb5 20.
Qc5 Qd8 $14) 19... Bg4 (19... Rxe3 20. fxe3 Qxe3+ 21. Qf2 Qxf2+ 22. Kxf2 Bxf5
23. Rb2 $11) 20. Ne5 (20. Bxe6 $5 Qxe6 21. Nh4 $16) 20... Bxf5 $11 21. Qxf5 g6
22. Qc2 Kg7 (22... a6 $142 $5 $11) 23. b5 $16 f6 $2 (23... Nd7 $142 24. bxc6
Nxe5 25. cxb7 Nf3+ 26. Kg2 Rb8 27. Kxf3 Rxb7 $16) 24. bxc6 $18 fxe5 (24... b6
25. c7 Rc8 $18) 25. Rxb7 1-0

[Event "Boeing Experts"]
[Site "?"]
[Date "1969.11.11"]
[Round "3"]
[White "Bailey, B."]
[Black "Gray, M."]
[Result "1/2-1/2"]
[WhiteElo "100"]
[BlackElo "1894"]
[Annotator "Stockfish 14 (15s)"]
[PlyCount "70"]
[EventDate "1969.??.??"]

{C77: Ruy Lopez: 3...a6 4 Ba4 Nf6, unusual lines} 1. e4 e5 2. Nf3 Nc6 3. Bb5 a6
4. Ba4 Nf6 5. d3 Be7 6. Bxc6 dxc6 7. Nxe5 O-O 8. Nc3 (8. O-O Bd6 9. Nf3 Bg4 10.
h3 Bh5 11. Re1 Re8 12. Nbd2 Qd7 13. Nc4 Bf8 14. Bg5 Re6 15. Bxf6 Rxf6 16. Nfe5
Bxd1 17. Nxd7 Bxc2 18. Nxf6+ gxf6 19. Re3 Bh6 20. Rg3+ Kf8 21. b3 {
1-0 (21) Emma,J (2415)-Olivieri,M Buenos Aires 1987}) 8... Bd6 (8... Bc5 9. O-O
Re8 10. Nf3 Bg4 11. h3 Bh5 12. Qe2 Bd4 13. Be3 Be5 14. Bg5 Qd6 15. Qe3 Nd7 16.
Nxe5 Nxe5 17. Bf4 Qe6 18. Qg3 Bg6 19. Bxe5 Qxe5 20. Qxe5 Rxe5 21. f4 Re7 22. f5
Bh5 23. g4 {Kuepper,V (1196)-Schauerte,B (1461) Moehnesee 2005 1-0 (72)}) 9.
Nc4 Bc5 10. Be3 $146 (10. Qe2 Re8 11. Be3 Bb4 12. Bd2 Bc5 13. Bg5 h6 14. Bh4
Be6 15. Ne5 Bd4 16. Nf3 Bg4 17. Nd1 Bc5 18. Ne3 Bh5 19. h3 g5 20. Bg3 Qd7 21.
O-O-O Qe6 22. Kb1 Qd7 23. Bh2 b5 24. g4 Bg6 {
Streit,H-Brodie,H Canada 1967 1-0 (38)}) 10... Bxe3 (10... Be7 $18) 11. Nxe3 (
11. fxe3 $6 b5 12. Na5 Bg4 $16) 11... Qd4 12. O-O Be6 13. Rb1 Rad8 14. a3 Rfe8
(14... Qb6 15. Kh1 $18) 15. Ne2 (15. Qf3 $5 b5 $18) 15... Qa7 16. Qc1 b5 17.
Nf4 h6 18. Nxe6 Rxe6 (18... fxe6 19. Qe1 $18) 19. Nf5 (19. b3 $142 c5 20. Ra1
Qb6 $18) 19... Ng4 (19... c5 20. Qe3 Kh7 $18) 20. Qf4 Ne5 (20... Nf6 21. Rbe1
Ne8 $18) 21. Qg3 Ng6 22. h4 h5 23. Qg5 Rde8 (23... Qb8 24. f4 c5 25. Rbe1 $18)
24. Qxh5 (24. g4 $142 hxg4 25. h5 c5 26. hxg6 fxg6 $18) 24... Re5 (24... Ne7
$18) 25. Qg4 R5e6 (25... Qb6 26. h5 c5 27. Rbe1 $18) 26. h5 Qc5 27. hxg6 Rxg6
28. Qh4 Qxc2 29. Ne7+ Rxe7 30. Qxe7 Qxd3 31. Qh4 Qf3 32. Qd8+ Kh7 33. Qh4+ Kg8
34. Qd8+ (34. Qh2 $142 Qf6 35. Rbd1 $18) 34... Kh7 $11 35. Qh4+ Kg8 1/2-1/2

[Event "Boeing Experts"]
[Site "?"]
[Date "1969.11.25"]
[Round "4"]
[White "Bailey, B."]
[Black "Murray, M."]
[Result "1/2-1/2"]
[WhiteElo "100"]
[BlackElo "2129"]
[Annotator "Stockfish 14 (15s)"]
[PlyCount "69"]
[EventDate "1969.??.??"]

{B94: Sicilian Najdorf: 6 Bg5 Nbd7} 1. e4 c5 2. Nf3 d6 3. d4 cxd4 4. Nxd4 Nf6
5. Nc3 a6 6. Bg5 Nbd7 7. Bd3 Qa5 (7... e6 8. O-O Qc7 9. Qe2 Be7 10. Kh1 Nc5 11.
Nb3 b5 12. Nxc5 Qxc5 13. Be3 Qc7 14. a4 b4 15. Nb1 {
1/2-1/2 (15) Radulov,I (2485)-Martinovic,S (2410) Smederevska Palanka 1979}) 8.
Bd2 (8. f4 h6 9. Bh4 b5 10. e5 dxe5 11. Qf3 exd4 12. Qxa8 Nb6 13. Qc6+ Bd7 14.
Qc7 Nfd5 15. Qb8+ Nc8 16. Qe5 dxc3 17. b4 Nxb4 18. O-O Nxd3 19. cxd3 Qb6+ 20.
Bf2 Qg6 21. Qxc3 e6 22. Qa5 {1/2-1/2 (22) Scepanik,H-Rettieck,S Ratzeburg 1997}
) 8... Qc7 $146 (8... Qb6 9. Be3 Qxb2 10. Bd2 Qb6 11. Nf3 g6 12. O-O Bg7 13.
Na4 Qc7 14. Rb1 b5 15. Nc3 Bb7 16. Re1 O-O 17. Bf4 Qxc3 18. Re3 Qc7 19. Rc1
Rac8 20. Qe2 Ng4 21. a3 Nxe3 22. Qxe3 Qa5 {
0-1 (22) Bader,A-Nield,D Canberra 1995}) 9. Qe2 e6 (9... g6 10. Nb3 $11) 10.
Nf3 (10. g4 $142 $5 h6 11. f4 $14) 10... Be7 11. h3 Nc5 12. O-O O-O 13. Rac1 b5
14. e5 (14. b4 $142 $5 Nxd3 15. cxd3 $11) 14... dxe5 $17 15. Nxe5 (15. Qxe5 Bd6
16. Qe2 Bb7 $17) 15... Bb7 16. Bf4 $2 (16. a3 $17) 16... Nxd3 $4 (16... Bd6
$142 17. Rfe1 b4 $19) 17. cxd3 $15 Qb6 18. Ne4 Bxe4 19. dxe4 Rac8 20. Ng4 Qb7
21. Nxf6+ Bxf6 22. e5 Be7 23. Qg4 (23. g3 h6 $11) 23... Rfd8 24. Bh6 Bf8 25.
Bg5 Rd5 26. Rxc8 Qxc8 27. Rc1 Qd7 28. Qe2 (28. Bf4 $5 $15) 28... h6 $17 29. Bf4
(29. Be3 $142 Rxe5 30. Qc2 $17) 29... Rd4 (29... g5 $142 30. Be3 Rxe5 $17) 30.
Qe3 $4 (30. Be3 $142 $5 Rd5 31. Qc2 $11) 30... Rd1+ (30... g5 $5 31. Bg3 Rd3
32. Qb6 $19) 31. Rxd1 $2 (31. Kh2 $142 $5 $17) 31... Qxd1+ $19 32. Kh2 Qd5 (
32... Qb1 $142 33. Qb3 Qf5 $19) 33. b3 $15 Bc5 34. Qe2 (34. Qg3 $5 $15) 34...
Bd4 (34... Qd4 $5 35. Bg3 g6 $17) 35. Bg3 1/2-1/2